000 00995cam a2200217 4500
001 WB3725-26
008 000000n2001 000 0 eng u
035 _a(Sirsi) u113319
245 _aScottish telecommunication mast planning rules tightened
260 _c2001
490 _aScottish Executive Press Release
_v(1534) 25 June 2001, (2)
520 _aTough new planning regulations governing the number and positioning of mobile phone masts across Scotland have gone before the Scottish Parliament. Responding to public concern, the regulations will see new ground based masts coming under full planning control and masts on buildings will be restricted. The regulations will come into force at the end of July 2001.
590 _aWB
650 _aMOBILE PHONE MASTS
650 _aSCOTLAND
650 _aTELECOMMUNICATIONS
650 _aPLANNING REGULATIONS
650 _aSCOTTISH EXECUTIVE
690 _aENVIRONMENTAL AND LAND CONSULTANCY-PLANNING AND DEVELOPMENT
942 _n0
999 _c67504
_d67504